[Event "GRE-chT 52nd"]
[Site "Loutraki"]
[Date "2025.07.01"]
[Round "4.44"]
[White "Nikolaou, Spiridon"]
[Black "Papadopoulos, Panayotis"]
[Result "0-1"]
[WhiteElo "2144"]
[BlackElo "2177"]
[PlyCount "118"]
[EventDate "2025.06.28"]
[EventType "team-swiss"]
[EventRounds "7"]
[EventCountry "GRE"]
[SourceTitle "CB28_2025"]
[SourceDate "2025.07.09"]
[SourceVersion "1"]
[SourceVersionDate "2025.07.09"]
[SourceQuality "1"]
[WhiteTeam "Machites OI"]
[BlackTeam "Thessaloniki Aris"]
[WhiteTeamCountry "GRE"]
[BlackTeamCountry "GRE"]

1. d4 Nf6 2. c4 e6 3. Nc3 Bb4 4. e3 0-0 5. Bd3 d5 6. Nf3 c5 7. 0-0 Nc6 8. a3 Ba5 9. Ne2 cxd4 10. exd4 dxc4 11. Bxc4 h6 12. Be3 Bc7 13. Bf4 Bxf4 14. Nxf4 Qb6 15. b4 Rd8 16. Ne2 Bd7 17. Qd2 Rac8 18. Rfc1 Be8 19. Qe1 Ne7 20. b5 Bxb5 21. Rab1 Rxc4 22. Rxc4 Qa6 23. Rc5 Bxe2 24. Ra5 Qd3 25. Ne5 Qe4 26. Nxf7 Rxd4 27. Re5 Qxb1 28. Qxb1 Rd1+ 29. Qxd1 Bxd1 30. Nd6 b6 31. Rxe6 Ned5 32. f3 Ba4 33. Re5 Bd7 34. g4 Kf8 35. h4 Nf4 36. g5 hxg5 37. hxg5 N6h5 38. Kh2 Ne6 39. Ne4 Ke7 40. Kg1 Nhf4 41. Kh2 Ng6 42. Rd5 Bc6 43. Rd1 Bxe4 44. fxe4 Nxg5 45. a4 Ne5 46. Kg2 Ngf7 47. Rd5 Nd7 48. a5 Nfe5 49. axb6 axb6 50. Kg3 g5 51. Kf2 Kd8 52. Rd1 Kc7 53. Rg1 g4 54. Ke3 b5 55. Rc1+ Kb6 56. Kd4 b4 57. Kd5 Kb5 58. Ra1 b3 59. Kd4 Kb4 0-1

[Event "Kalamaria op-A 17th"]
[Site "Kalamaria"]
[Date "2024.09.04"]
[Round "6"]
[White "Boutikos, Eleftherios"]
[Black "Papadopoulos, Panayotis"]
[Result "1-0"]
[WhiteElo "1785"]
[BlackElo "2106"]
[PlyCount "93"]
[EventDate "2024.08.31"]
[EventType "swiss"]
[EventRounds "9"]
[EventCountry "GRE"]
[SourceTitle "EXT 2025"]
[Source "ChessBase"]
[SourceDate "2024.10.14"]
[SourceVersion "1"]
[SourceVersionDate "2024.10.14"]
[SourceQuality "1"]

1. e4 c5 2. Nf3 Nc6 3. Bb5 g6 4. Bxc6 bxc6 5. 0-0 Bg7 6. Re1 e5 7. c3 d6 8. h3 Nh6 9. d4 cxd4 10. cxd4 f6 11. Bxh6 Bxh6 12. dxe5 fxe5 13. Nbd2 Be6 14. Qa4 0-0 15. Qxc6 Rc8 16. Qa4 Qb6 17. Rad1 Qxb2 18. Qxa7 Rc2 19. Qe7 Bxa2 20. Qxd6 Bf4 21. h4 Qb8 22. Qd3 Qc7 23. Nf1 Qc5 24. Re2 Rc3 25. Qd7 Bc4 26. Rb2 Rf7 27. Qg4 Kg7 28. Ng3 Kh6 29. h5 Qe7 30. Rb6 Rf6 31. Qh4 Bxg3 32. Qg5+ Kg7 33. Rxf6 Qxf6 34. Rd7+ Bf7 35. h6+ Kf8 36. Qxg3 Rc1+ 37. Kh2 Rc5 38. Ng5 Bg8 39. Rd3 Ke8 40. Rf3 Qe7 41. Ra3 Qb7 42. Qe3 Rc7 43. Ra5 Qc6 44. Rxe5+ Re7 45. Rxe7+ Kxe7 46. Qa7+ Kf6 47. f4 1-0

[Event "Kalamaria op-A 17th"]
[Site "Kalamaria"]
[Date "2024.09.03"]
[Round "5"]
[White "Papadopoulos, Panayotis"]
[Black "Tsaknakis, Zisis"]
[Result "0-1"]
[WhiteElo "2106"]
[BlackElo "2305"]
[PlyCount "114"]
[EventDate "2024.08.31"]
[EventType "swiss"]
[EventRounds "9"]
[EventCountry "GRE"]
[SourceTitle "EXT 2025"]
[Source "ChessBase"]
[SourceDate "2024.10.14"]
[SourceVersion "1"]
[SourceVersionDate "2024.10.14"]
[SourceQuality "1"]

1. Nf3 Nf6 2. c4 g6 3. b3 Bg7 4. Bb2 0-0 5. g3 d6 6. d4 a5 7. Nc3 Bf5 8. Bg2 c6 9. 0-0 Ne4 10. Nh4 Nxc3 11. Bxc3 Bd7 12. Qd2 a4 13. b4 Na6 14. Rad1 e6 15. e4 Nc7 16. Nf3 d5 17. Ne5 Be8 18. exd5 cxd5 19. c5 a3 20. f4 f6 21. Nd3 Bb5 22. Rfe1 Qd7 23. Bh3 Rfe8 24. Re3 Bc4 25. Rde1 Qc6 26. Nc1 Ra6 27. Qd1 Nb5 28. Ba1 f5 29. Nb3 b6 30. g4 Raa8 31. Qd2 Bh6 32. g5 Bg7 33. Bf1 Kf7 34. h4 h6 35. Rh3 hxg5 36. hxg5 Rh8 37. Ree3 Qc7 38. Ref3 Qc6 39. Nc1 bxc5 40. bxc5 Rxh3 41. Bxh3 Ra4 42. Kh2 Qa8 43. Bg2 Qa5 44. Bc3 Nxc3 45. Rxc3 Qb4 46. Kg3 Qb2 47. Qe3 Bxa2 48. c6 Bc4 49. c7 Qb7 50. Rxa3 Rxa3 51. Qxa3 Qxc7 52. Nb3 Qb6 53. Nc5 Bxd4 54. Nd3 Qb1 55. Nc5 Qe1+ 56. Kh3 Qe3+ 57. Qxe3 Bxe3 0-1

[Event "Kalamaria blitz op"]
[Site "Kalamaria"]
[Date "2024.08.30"]
[Round "9"]
[White "Papadimitriou, Athanasios"]
[Black "Papadopoulos, Panayotis"]
[Result "0-1"]
[WhiteElo "2176"]
[BlackElo "2069"]
[PlyCount "116"]
[EventDate "2024.08.30"]
[EventType "swiss"]
[EventRounds "9"]
[EventCountry "GRE"]
[SourceTitle "CBM 221 Extra"]
[Source "ChessBase"]
[SourceDate "2024.09.30"]
[SourceVersion "1"]
[SourceVersionDate "2024.09.30"]
[SourceQuality "1"]

1. Nf3 Nf6 2. g3 b5 3. Bg2 Bb7 4. b3 e6 5. Na3 a6 6. c4 b4 7. Nc2 d6 8. d4 a5 9. 0-0 Nbd7 10. d5 exd5 11. Nh4 g6 12. Bb2 Bg7 13. Ne3 0-0 14. Nxd5 Nxd5 15. Bxg7 Kxg7 16. Bxd5 Bxd5 17. Qxd5 Nc5 18. Nf3 a4 19. Nd4 axb3 20. axb3 Re8 21. e3 Qc8 22. Qc6 Qb7 23. Qxb7 Nxb7 24. Nb5 Rxa1 25. Rxa1 c6 26. Ra7 Rb8 27. Nd4 Nd8 28. Rd7 c5 29. Nb5 Nc6 30. Rxd6 Na5 31. Rd7 Nxb3 32. Nd6 Na5 33. Rxf7+ Kg8 34. Rd7 b3 35. Nb5 Nxc4 36. Nc3 b2 37. Rd1 Na3 38. Rd5 c4 39. Kg2 b1Q 40. Nxb1 Nxb1 41. Kf3 Rc8 42. Rd1 Na3 43. Ke4 c3 44. Rc1 c2 45. Kd3 Kf7 46. Kd2 Ke6 47. Ra1 Nb1+ 48. Kc1 Ke5 49. Ra4 Nc3 50. Ra5+ Nd5 51. f3 Ke6 52. e4 Nb4 53. Ra3 Rc6 54. h4 h5 55. f4 Rc4 56. e5 Rc6 57. Rb3 Na2+ 58. Kb2 c1Q+ 0-1

[Event "Kalamaria blitz op"]
[Site "Kalamaria"]
[Date "2024.08.30"]
[Round "8"]
[White "Papadopoulos, Panayotis"]
[Black "Kalogridis, Themistoklis"]
[Result "1-0"]
[WhiteElo "2069"]
[BlackElo "1854"]
[PlyCount "59"]
[EventDate "2024.08.30"]
[EventType "swiss"]
[EventRounds "9"]
[EventCountry "GRE"]
[SourceTitle "CBM 221 Extra"]
[Source "ChessBase"]
[SourceDate "2024.09.30"]
[SourceVersion "1"]
[SourceVersionDate "2024.09.30"]
[SourceQuality "1"]

1. Nf3 Nf6 2. b3 g6 3. Bb2 Bg7 4. g3 0-0 5. Bg2 d6 6. 0-0 e5 7. c4 a5 8. Nc3 h6 9. d4 Nbd7 10. Qc2 Qe7 11. dxe5 dxe5 12. Nb5 c6 13. Ba3 Nc5 14. Nc3 Nfd7 15. Rad1 f5 16. Na4 b6 17. Rxd7 Bxd7 18. Nxb6 Rad8 19. Na4 Qf6 20. Bxc5 Rfe8 21. Ba3 g5 22. Bb2 Qe7 23. Rd1 g4 24. Nd2 h5 25. Nf1 h4 26. Nb6 hxg3 27. hxg3 Qe6 28. c5 Kh7 29. Rd6 Qe7 30. Qd2 1-0

[Event "Kalamaria blitz op"]
[Site "Kalamaria"]
[Date "2024.08.30"]
[Round "2"]
[White "Papadopoulos, Panayotis"]
[Black "Papadopoulos, Alexadros Paris"]
[Result "0-1"]
[WhiteElo "2069"]
[BlackElo "1761"]
[PlyCount "74"]
[EventDate "2024.08.30"]
[EventType "swiss"]
[EventRounds "9"]
[EventCountry "GRE"]
[SourceTitle "CBM 221 Extra"]
[Source "ChessBase"]
[SourceDate "2024.09.30"]
[SourceVersion "1"]
[SourceVersionDate "2024.09.30"]
[SourceQuality "1"]

1. Nf3 d5 2. c4 dxc4 3. Qa4+ Nc6 4. Qxc4 Nf6 5. d4 e6 6. Nc3 Be7 7. Bg5 0-0 8. e3 h6 9. Bxf6 Bxf6 10. Be2 Ne7 11. 0-0 Nd5 12. Rfd1 b6 13. e4 Nxc3 14. bxc3 a5 15. Qd3 Ba6 16. Qe3 Bxe2 17. Qxe2 Qd7 18. Rd3 Rfd8 19. Rad1 Qb5 20. Nd2 Qa4 21. Nb3 Rd7 22. e5 Be7 23. Rg3 Kh8 24. Rdd3 Rad8 25. f4 c5 26. Kh1 cxd4 27. cxd4 Qb5 28. Rxg7 Rxd4 29. Qh5 Kxg7 30. Rg3+ Kf8 31. h3 Qf1+ 32. Kh2 Rd1 33. Qxh6+ Ke8 34. Rg8+ Kd7 35. Rxd8+ Bxd8 36. Nc1 Rxc1 37. Qf8 Qxf4+ 0-1

[Event "Thessaloniki SKG op-A 5th"]
[Site "Thessaloniki"]
[Date "2024.08.07"]
[Round "2"]
[White "Krallis, Christos"]
[Black "Papadopoulos, Panayotis"]
[Result "1-0"]
[WhiteElo "2360"]
[BlackElo "2106"]
[PlyCount "55"]
[EventDate "2024.08.06"]
[EventType "swiss"]
[EventRounds "9"]
[EventCountry "GRE"]
[SourceTitle "EXT 2025"]
[Source "ChessBase"]
[SourceDate "2024.10.14"]
[SourceVersion "1"]
[SourceVersionDate "2024.10.14"]
[SourceQuality "1"]

1. e4 c5 2. Nf3 Nc6 3. Bb5 g6 4. Bxc6 dxc6 5. d3 Bg7 6. 0-0 Nf6 7. h3 Nd7 8. a4 e5 9. a5 Nf8 10. Nbd2 g5 11. Nc4 f6 12. h4 g4 13. Nh2 h5 14. g3 Be6 15. Ne3 Bh6 16. Qe1 b5 17. axb6 axb6 18. Bd2 Rh7 19. b4 Rha7 20. Rxa7 Rxa7 21. bxc5 bxc5 22. Qe2 Ra2 23. f3 Qd4 24. fxg4 c4 25. g5 cxd3 26. Qxh5+ Bf7 27. Qxh6 Rxc2 28. Qxf6 1-0

[Event "Thessaloniki White Tower op-A 44th"]
[Site "Thessaloniki"]
[Date "2024.01.06"]
[Round "7"]
[White "Papadopoulos, Panayotis"]
[Black "Papageorgiou, Ioannis2"]
[Result "0-1"]
[WhiteElo "2141"]
[BlackElo "1869"]
[PlyCount "66"]
[EventDate "2024.01.02"]
[EventType "swiss"]
[EventRounds "9"]
[EventCountry "GRE"]
[SourceTitle "CBM 218 Extra"]
[Source "ChessBase"]
[SourceDate "2024.03.31"]
[SourceVersion "1"]
[SourceVersionDate "2024.03.31"]
[SourceQuality "1"]

1. Nf3 Nf6 2. d4 g6 3. Bf4 Bg7 4. e3 0-0 5. h3 d6 6. Be2 Nbd7 7. 0-0 c5 8. c3 a6 9. Nbd2 b5 10. a4 Rb8 11. axb5 axb5 12. Bh2 Qc7 13. e4 e5 14. dxe5 dxe5 15. Ne1 c4 16. b3 Nc5 17. bxc4 bxc4 18. Qc2 Nb3 19. Rd1 Be6 20. Nef3 Nxd2 21. Rxd2 Nh5 22. Nd4 Nf4 23. Bxf4 exf4 24. Nxe6 fxe6 25. Qa4 f3 26. Bxf3 Rxf3 27. gxf3 Qf4 28. Rfd1 Rf8 29. Qxc4 Be5 30. Qxe6+ Kh8 31. Rd8 Qh2+ 32. Kf1 Qh1+ 33. Ke2 Qxf3+ 0-1

[Event "Thessaloniki White Tower op-A 44th"]
[Site "Thessaloniki"]
[Date "2024.01.05"]
[Round "5"]
[White "Papadopoulos, Panayotis"]
[Black "Triantafilidis, Mihail"]
[Result "1/2-1/2"]
[WhiteElo "2141"]
[BlackElo "2072"]
[PlyCount "185"]
[EventDate "2024.01.02"]
[EventType "swiss"]
[EventRounds "9"]
[EventCountry "GRE"]
[SourceTitle "CBM 218 Extra"]
[Source "ChessBase"]
[SourceDate "2024.03.31"]
[SourceVersion "1"]
[SourceVersionDate "2024.03.31"]
[SourceQuality "1"]

1. d4 Nf6 2. Nf3 g6 3. Bf4 Bg7 4. e3 d6 5. Be2 Nh5 6. Bg5 h6 7. Bh4 g5 8. Nfd2 Nf6 9. Bg3 Nc6 10. c4 e5 11. d5 Ne7 12. Nc3 Bf5 13. h4 Bg6 14. h5 Bh7 15. e4 Nd7 16. f3 c5 17. Bf2 f5 18. exf5 Nxf5 19. Nde4 Nf6 20. Bd3 Nd4 21. Nxf6+ Qxf6 22. Bxh7 Rxh7 23. Ne4 Qe7 24. Qd3 Rh8 25. 0-0-0 Qd7 26. Ng3 0-0-0 27. Rde1 Rdf8 28. Bxd4 cxd4 29. Re4 Kb8 30. Kb1 Rc8 31. Rc1 Rhf8 32. Qa3 Rf4 33. Rxf4 exf4 34. Ne4 Be5 35. Qd3 Qf7 36. Rh1 b6 37. Nd2 b5 38. Qb3 Qb7 39. Rc1 a6 40. cxb5 Rxc1+ 41. Kxc1 axb5 42. Kc2 Ka7 43. a4 Ka6 44. Kd3 Qh7+ 45. Ne4 Qd7 46. axb5+ Qxb5+ 47. Qc4 Ka5 48. b3 Qb4 49. Qc7+ Kb5 50. Qc4+ Qxc4+ 51. bxc4+ Kb4 52. Nf2 Kc5 53. Nh3 Kb4 54. Ng1 Kc5 55. Ne2 Bh8 56. g3 Be5 57. gxf4 gxf4 58. Ng1 Kb4 59. Nh3 Kc5 60. Nf2 Kb4 61. Ne4 Kb3 62. c5 dxc5 63. Nxc5+ Kb4 64. Ne4 Kb5 65. d6 Kc6 66. Kc4 d3 67. Kxd3 Kd5 68. d7 Bc7 69. Nf6+ Ke6 70. Ng4 Kxd7 71. Ke4 Ke6 72. Nxh6 Kf6 73. Ng4+ Kg5 74. h6 Kg6 75. Kd5 Bb8 76. Ke6 Ba7 77. Ke5 Bb8+ 78. Kd5 Ba7 79. Kd6 Bb6 80. Kd7 Ba7 81. Ke7 Bc5+ 82. Ke8 Bb4 83. Kd7 Bc5 84. Ke6 Ba7 85. Ke5 Bb8+ 86. Kd5 Ba7 87. Kc6 Bb8 88. Kb7 Bd6 89. Kc8 Bb4 90. Kd7 Bc5 91. Ke6 Ba7 92. Ke7 Bc5+ 93. Ke6 1/2-1/2

[Event "Thessaloniki White Tower op-A 44th"]
[Site "Thessaloniki"]
[Date "2024.01.03"]
[Round "3"]
[White "Papadopoulos, Panayotis"]
[Black "Kyparissopoulos, Spyridon"]
[Result "1-0"]
[WhiteElo "2141"]
[BlackElo "1853"]
[PlyCount "61"]
[EventDate "2024.01.02"]
[EventType "swiss"]
[EventRounds "9"]
[EventCountry "GRE"]
[SourceTitle "CBM 218 Extra"]
[Source "ChessBase"]
[SourceDate "2024.03.31"]
[SourceVersion "1"]
[SourceVersionDate "2024.03.31"]
[SourceQuality "1"]

1. d4 Nf6 2. c4 g6 3. Nc3 Bg7 4. e4 d6 5. Nge2 0-0 6. Ng3 c5 7. d5 e6 8. Be2 exd5 9. exd5 Re8 10. 0-0 Nbd7 11. h3 a6 12. Bf4 Ne5 13. Qd2 Rb8 14. Bh6 Qe7 15. Bxg7 Kxg7 16. Rfe1 Qc7 17. Bf1 Qd8 18. a4 h6 19. b3 b6 20. f4 Ned7 21. Qb2 Kg8 22. Nce4 Nxe4 23. Nxe4 Rxe4 24. Rxe4 Nf6 25. Re3 b5 26. axb5 axb5 27. Rae1 Bd7 28. Re7 Nh7 29. Bd3 Nf8 30. Qf6 Be8 31. Bxg6 1-0

[Event "Thessaloniki-Chalkidiki CupT final"]
[Site "Thessaloniki"]
[Date "2023.05.27"]
[Round "1"]
[White "Kukov, Velislav"]
[Black "Papadopoulos, Panayotis"]
[Result "1/2-1/2"]
[WhiteElo "2342"]
[BlackElo "2173"]
[PlyCount "178"]
[EventDate "2023.05.27"]
[EventType "team-k.o."]
[EventRounds "2"]
[EventCountry "GRE"]
[SourceTitle "EXT 2024"]
[Source "ChessBase"]
[SourceDate "2023.10.10"]
[SourceVersion "1"]
[SourceVersionDate "2023.10.10"]
[SourceQuality "1"]
[WhiteTeam "Thessaloniki White Tower"]
[BlackTeam "Thessaloniki Aris"]
[WhiteTeamCountry "GRE"]
[BlackTeamCountry "GRE"]

1. d4 Nf6 2. Bf4 d5 3. e3 Bf5 4. c4 c6 5. Qb3 Qb6 6. Nc3 dxc4 7. Bxc4 e6 8. Nf3 Nbd7 9. h3 h6 10. 0-0 Be7 11. Rac1 0-0 12. Rfe1 Qxb3 13. Bxb3 Bb4 14. a3 Ba5 15. Nd2 Nd5 16. Bd6 Rfc8 17. Nc4 Bxc3 18. bxc3 Bd3 19. Red1 Be2 20. Rd2 Bxc4 21. Bxc4 Nc7 22. Rb2 b6 23. Be2 Ne8 24. Bg3 Nc7 25. c4 Kf8 26. Bf3 Ne8 27. a4 Ke7 28. a5 f6 29. Ra2 bxa5 30. Rxa5 Nd6 31. Ra6 Nb8 32. Ra4 Nd7 33. Rca1 a5 34. Bxd6+ Kxd6 35. Rxa5 Rxa5 36. Rxa5 c5 37. Ra6+ Ke7 38. d5 exd5 39. Bxd5 Rb8 40. Rc6 Rb1+ 41. Kh2 Rb6 42. Rc8 Rb8 43. Rc7 Kd6 44. Rc6+ Ke7 45. Kg3 Rb6 46. Rc8 f5 47. f4 g5 48. Kf3 Rd6 49. g4 gxf4 50. exf4 fxg4+ 51. hxg4 Ra6 52. Rc6 Rxc6 53. Bxc6 Nb6 54. Bd5 Kf6 55. Ke4 Na4 56. Bc6 Nc3+ 57. Kd3 Nd1 58. Bf3 Nb2+ 59. Kc3 Na4+ 60. Kd2 Ke6 61. Bd1 Nb6 62. Kd3 Kf6 63. Bc2 Ke6 64. Ke4 Kf6 65. Bb3 Ke6 66. Bd1 Kf6 67. Be2 Na4 68. Ke3 Nb6 69. Bd3 Na4 70. Kf3 Nb6 71. Ke4 Ke6 72. g5 hxg5 73. fxg5 Nc8 74. Kf4 Nd6 75. Be2 Kf7 76. Ke5 Nb7 77. Bd3 Na5 78. Kd5 Nb3 79. Bc2 Nd4 80. Bb1 Nb3 81. Be4 Kg7 82. Bc2 Nd4 83. Bd1 Kg6 84. Kxc5 Ne6+ 85. Kd6 Nxg5 86. Bc2+ Kf6 87. c5 Ne6 88. c6 Nd4 89. c7 Nb5+ 1/2-1/2

[Event "Thessaloniki SKG op-A 1st"]
[Site "Thessaloniki"]
[Date "2022.08.06"]
[Round "5"]
[White "Papadopoulos, Panayotis"]
[Black "Trimitzios, Petros"]
[Result "1/2-1/2"]
[WhiteElo "2191"]
[BlackElo "2369"]
[PlyCount "39"]
[EventDate "2022.08.03"]
[EventType "swiss"]
[EventRounds "9"]
[EventCountry "GRE"]
[SourceTitle "CBM 209 Extra"]
[Source "ChessBase"]
[SourceDate "2022.09.30"]
[SourceVersion "1"]
[SourceVersionDate "2022.09.30"]
[SourceQuality "1"]

1. d4 Nf6 2. Nf3 d5 3. c4 c6 4. e3 a6 5. Nbd2 b5 6. b3 Bf5 7. Ne5 h6 8. Bd3 Bxd3 9. Nxd3 e6 10. 0-0 Nbd7 11. a4 Be7 12. Ba3 0-0 13. Qc1 Re8 14. Bxe7 Qxe7 15. axb5 axb5 16. Rxa8 Rxa8 17. cxb5 cxb5 18. Qc6 Rb8 19. Ra1 e5 20. dxe5 1/2-1/2

[Event "Thessaloniki SKG op-A 1st"]
[Site "Thessaloniki"]
[Date "2022.08.04"]
[Round "2"]
[White "Agnello, Francesco Claudio"]
[Black "Papadopoulos, Panayotis"]
[Result "1/2-1/2"]
[WhiteElo "2024"]
[BlackElo "2191"]
[PlyCount "98"]
[EventDate "2022.08.03"]
[EventType "swiss"]
[EventRounds "9"]
[EventCountry "GRE"]
[SourceTitle "CBM 209 Extra"]
[Source "ChessBase"]
[SourceDate "2022.09.30"]
[SourceVersion "1"]
[SourceVersionDate "2022.09.30"]
[SourceQuality "1"]

1. e4 c5 2. Nf3 Nc6 3. Bb5 g6 4. Bxc6 dxc6 5. d3 Bg7 6. h3 Nf6 7. Nc3 Nd7 8. Be3 e5 9. Qd2 Qe7 10. Bh6 f6 11. Bxg7 Qxg7 12. Qe3 Qe7 13. Nd2 Nf8 14. f4 exf4 15. Qxf4 Ne6 16. Qf2 Nd4 17. Nf3 Nxf3+ 18. Qxf3 Qe5 19. 0-0 0-0 20. Rf2 Be6 21. Qe3 Rad8 22. Raf1 Kg7 23. Na4 b6 24. b3 Rf7 25. Rf3 h5 26. Qf4 Qd4+ 27. Qe3 Qe5 28. Qf4 Qd4+ 29. Qe3 f5 30. Qxd4+ cxd4 31. exf5 Rxf5 32. Rxf5 Bxf5 33. Re1 Kf6 34. Nb2 b5 35. Nd1 Rd5 36. Kf2 a5 37. Kf3 Re5 38. Rxe5 Kxe5 39. g4 hxg4+ 40. hxg4 Be6 41. a3 Bd5+ 42. Kg3 g5 43. Nf2 a4 44. bxa4 bxa4 45. Nh3 Kf6 46. Ng1 c5 47. Nf3 Bxf3 48. Kxf3 Ke5 49. Kg3 Kd5 1/2-1/2

[Event "GRE-chT2 48th"]
[Site "Thessaloniki"]
[Date "2021.10.09"]
[Round "6.4"]
[White "Papadopoulos, Panayotis"]
[Black "Ballas, Athanasios Panagiot"]
[Result "1-0"]
[WhiteElo "2196"]
[BlackElo "2064"]
[PlyCount "59"]
[EventDate "2021.10.05"]
[EventType "team-swiss"]
[EventRounds "7"]
[EventCountry "GRE"]
[SourceTitle "CBM 204 Extra"]
[Source "ChessBase"]
[SourceDate "2021.11.30"]
[SourceVersion "1"]
[SourceVersionDate "2021.11.30"]
[SourceQuality "1"]
[WhiteTeam "Thessaloniki Aris"]
[BlackTeam "Kalamarias ES"]
[WhiteTeamCountry "GRE"]
[BlackTeamCountry "GRE"]

1. d4 Nf6 2. c4 e6 3. Nf3 d5 4. g3 Be7 5. Bg2 0-0 6. 0-0 dxc4 7. Qc2 b6 8. Qxc4 Bb7 9. Nc3 Nbd7 10. Rd1 Rc8 11. Bg5 c5 12. Rac1 a6 13. Qb3 c4 14. Qc2 b5 15. a3 h6 16. Bxf6 Nxf6 17. e4 Qb6 18. d5 Bc5 19. Rd2 exd5 20. exd5 Rfd8 21. Rcd1 a5 22. Ne5 b4 23. Na4 Qb5 24. Nxc5 c3 25. bxc3 Qxc5 26. axb4 axb4 27. c4 Rd6 28. Qb3 Nd7 29. Nxd7 Rxd7 30. Bh3 1-0

[Event "Kavala op 30th"]
[Site "Kavala"]
[Date "2021.08.05"]
[Round "6"]
[White "Papadopoulos, Panayotis"]
[Black "Konstantinidis, Konstantinos"]
[Result "1/2-1/2"]
[WhiteElo "2207"]
[BlackElo "2057"]
[PlyCount "24"]
[EventDate "2021.08.01"]
[EventType "swiss"]
[EventRounds "9"]
[EventCountry "GRE"]
[SourceTitle "CBM 203 Extra"]
[Source "ChessBase"]
[SourceDate "2021.09.30"]
[SourceVersion "1"]
[SourceVersionDate "2021.09.30"]
[SourceQuality "1"]

1. e4 e5 2. f4 d6 3. Nf3 Be7 4. Bc4 Nf6 5. d3 Nc6 6. 0-0 0-0 7. Nc3 Na5 8. Bb3 Nxb3 9. axb3 exf4 10. Bxf4 Bg4 11. Qe1 Qd7 12. Ra5 c5 1/2-1/2

[Event "Belgrade Serbia op"]
[Site "Belgrade"]
[Date "2021.07.07"]
[Round "8"]
[White "Papadopoulos, Panayotis"]
[Black "Stankovic, Milos M"]
[Result "1-0"]
[WhiteElo "2216"]
[BlackElo "2327"]
[PlyCount "137"]
[EventDate "2021.07.02"]
[EventType "swiss"]
[EventRounds "9"]
[EventCountry "SRB"]
[SourceTitle "EXT 2022"]
[Source "ChessBase"]
[SourceDate "2021.10.06"]
[SourceVersion "1"]
[SourceVersionDate "2021.10.06"]
[SourceQuality "1"]

1. d4 f5 2. Nf3 Nf6 3. g3 g6 4. Bg2 Bg7 5. 0-0 0-0 6. c4 d6 7. Nc3 Na6 8. Rb1 c6 9. b4 Nc7 10. a4 Ne4 11. Qb3 Kh8 12. b5 Ne6 13. e3 N6c5 14. dxc5 Nxc3 15. Rb2 dxc5 16. Rc2 Ne4 17. bxc6 bxc6 18. Nd2 Qb6 19. Qxb6 axb6 20. Nxe4 fxe4 21. Bxe4 Bf5 22. Bxf5 gxf5 23. Bb2 Rxa4 24. Rd1 Rfa8 25. Rd7 R4a7 26. Rd3 Kg8 27. Bxg7 Kxg7 28. e4 fxe4 29. Rb3 Rb7 30. Re2 Rd8 31. Rxe4 Rd4 32. Re6 Rxc4 33. Rxc6 b5 34. h4 b4 35. h5 e6 36. Rf3 Re7 37. Kg2 Kh6 38. Rc8 Kxh5 39. Rg8 Rg4 40. Rc8 c4 41. Re3 Rd4 42. Rg8 Kh6 43. Re1 Rg7 44. Rb8 c3 45. Rxe6+ Rg6 46. Re7 Rc6 47. Rh8 c2 48. Rexh7+ Kg6 49. Rh6+ Kg7 50. R8h7+ Kg8 51. Rh8+ Kg7 52. Rxc6 Kxh8 53. Rxc2 b3 54. Rc8+ Kg7 55. Rb8 Rd3 56. Rb6 Rc3 57. f4 Rc2+ 58. Kh3 b2 59. Kg4 Rg2 60. Kh4 Kf7 61. g4 Ke7 62. f5 Kd7 63. g5 Kc7 64. Rb3 Kd6 65. Kh5 Kc5 66. f6 Kc4 67. Rb8 Kc3 68. f7 Rf2 69. g6 1-0

[Event "Belgrade Serbia op"]
[Site "Belgrade"]
[Date "2021.07.05"]
[Round "5"]
[White "Katic, Goran"]
[Black "Papadopoulos, Panayotis"]
[Result "0-1"]
[WhiteElo "1963"]
[BlackElo "2216"]
[PlyCount "64"]
[EventDate "2021.07.02"]
[EventType "swiss"]
[EventRounds "9"]
[EventCountry "SRB"]
[SourceTitle "CBM 203 Extra"]
[Source "ChessBase"]
[SourceDate "2021.09.30"]
[SourceVersion "1"]
[SourceVersionDate "2021.09.30"]
[SourceQuality "1"]

1. e4 c5 2. c3 Nf6 3. e5 Nd5 4. Nf3 Nc6 5. Na3 d6 6. Nc4 Bg4 7. exd6 exd6 8. Be2 Nf4 9. 0-0 Be7 10. Ne3 Bh5 11. Bb5 0-0 12. Bxc6 bxc6 13. Nf5 Nd3 14. Qe2 Ne5 15. d4 cxd4 16. cxd4 Nxf3+ 17. gxf3 Bf6 18. Ng3 Re8 19. Be3 Bg6 20. f4 Qd7 21. Qf3 Bd3 22. Rfd1 Bc4 23. Nh5 Bd5 24. Nxf6+ gxf6 25. Qh5 Kh8 26. Kf1 Rab8 27. b3 Rb5 28. Qh6 Bf3 29. Qxf6+ Kg8 30. Rd2 Rh5 31. f5 Rxh2 32. Qg5+ Kf8 0-1

[Event "Belgrade Serbia op"]
[Site "Belgrade"]
[Date "2021.07.03"]
[Round "2"]
[White "Papadopoulos, Panayotis"]
[Black "Souhardo, Basak"]
[Result "0-1"]
[WhiteElo "2216"]
[BlackElo "2364"]
[PlyCount "80"]
[EventDate "2021.07.02"]
[EventType "swiss"]
[EventRounds "9"]
[EventCountry "SRB"]
[SourceTitle "CBM 203 Extra"]
[Source "ChessBase"]
[SourceDate "2021.09.30"]
[SourceVersion "1"]
[SourceVersionDate "2021.09.30"]
[SourceQuality "1"]

1. d4 Nf6 2. Nf3 e6 3. g3 d5 4. Bg2 Be7 5. c4 0-0 6. 0-0 dxc4 7. Qc2 a6 8. a4 Bd7 9. Rd1 Bc6 10. Nc3 Bxf3 11. Bxf3 Nc6 12. Bxc6 bxc6 13. a5 Nd5 14. Na2 Qd7 15. Qxc4 Rfb8 16. e4 Nf6 17. Qc2 Ra7 18. Nc3 Rb4 19. Qe2 Ra8 20. Be3 Qc8 21. Rd2 Qb7 22. f3 Rd8 23. Kg2 c5 24. Rad1 cxd4 25. Bxd4 Rb8 26. e5 Ne8 27. Ne4 Rb5 28. Bc3 Rd5 29. Qc4 c6 30. Bd4 Rxa5 31. Nc3 Nc7 32. Kh3 c5 33. Bg1 Qxf3 34. b4 g5 35. Qg4 Qxg4+ 36. Kxg4 Rxb4+ 37. Kh5 Nd5 38. Nxd5 exd5 39. Rxd5 Raa4 40. h4 Rxh4+ 0-1

[Event "Veliko Gradiste Silver Lake op-A"]
[Site "Veliko Gradiste"]
[Date "2021.06.27"]
[Round "6"]
[White "Papadopoulos, Panayotis"]
[Black "Nemeth, Zalan"]
[Result "1-0"]
[WhiteElo "2216"]
[BlackElo "2055"]
[PlyCount "37"]
[EventDate "2021.06.23"]
[EventType "swiss"]
[EventRounds "9"]
[EventCountry "SRB"]
[SourceTitle "EXT 2022"]
[Source "ChessBase"]
[SourceDate "2021.10.06"]
[SourceVersion "1"]
[SourceVersionDate "2021.10.06"]
[SourceQuality "1"]

1. d4 b6 2. e4 Bb7 3. Bd3 e6 4. Qe2 Nf6 5. Nd2 c5 6. Ngf3 d5 7. e5 Nfd7 8. c3 a5 9. 0-0 Ba6 10. c4 dxc4 11. Nxc4 b5 12. Bg5 Qc7 13. Nd6+ Bxd6 14. exd6 Qxd6 15. dxc5 Qxc5 16. Rac1 Qb6 17. Be4 Bb7 18. Bxb7 Qxb7 19. Qxb5 1-0